Hydrogenation: Proceedings of an AOCS Colloquium /

Gespeichert in:
Bibliographische Detailangaben
1. Verfasser: Hastert, Robert (Verfasst von)
Format: Buch
Sprache:Englisch
Veröffentlicht: Champaign : American Oil Chemists' Society, 1987
Tags: Tag hinzufügen
Keine Tags, Fügen Sie das erste Tag hinzu!

MARC

LEADER 00000nam a22000003a 4500
001 stu18425
005 20150617225751.9
008 920324s1987----xxu-----------------eng-d
020 |a 0-935315-16-0 
040 |a STU  |b slo 
041 0 |a eng 
044 |a xxu 
080 |a 665.1.094.1 
100 1 |a Hastert, Robert  |4 aut 
245 1 |a Hydrogenation: Proceedings of an AOCS Colloquium /  |c [aut.]Hastert,Robert 
260 |a Champaign :  |b American Oil Chemists' Society,  |c 1987 
300 |a 246 s :  |b Obr.,tab.,grafy,lit 
996 |b C89169  |c C*89169  |l CCXIX  |s P  |a 0  |w stu18425_0001